| 000 | 00581ntaaa2200193 4500 | ||
|---|---|---|---|
| 003 | 01 | ||
| 005 | 20251027202529.0 | ||
| 008 | 0714s1973 ag 01 | ||
| 040 |
_aAR-BaBN _bspa _cAR-BaBN _eaacr _dRIC |
||
| 082 | _a286.0000 W88 | ||
| 245 | _aBaptist advance. | ||
| 250 | _a1 ed. | ||
| 260 |
_aNashville : _bBroadman Press, _c1964 |
||
| 300 | _a512 | ||
| 500 | _aAchievements of Baptists of North America for a century and a half. Hay otros ejemplares en el estante general. | ||
| 650 | _aBautistas en Norteamerica | ||
| 700 |
_aWoollely, Davis Collier, ed. _924273 |
||
| 942 | _cBK | ||
| 999 |
_c20330 _d20330 |
||